Uomini che non ho sposato /

Gespeichert in:
Bibliographische Detailangaben
1. Verfasser: Parker, Dorothy (Verfasst von)
Weitere Verfasser: Pittoni, Ileana (Herausgegeben von)
Format: Buch
Sprache:Italienisch
Veröffentlicht: Milano : La tartaruga, \1995!
Schriftenreihe:Narrativa
Tags: Tag hinzufügen
Keine Tags, Fügen Sie das erste Tag hinzu!

MARC

LEADER 00000nam a22000007i 4500
001 IT\ICCU\RAV\0254597
003 ItRI
005 20260115231928.0
008 950519s1995 it |||||| ||||| |||||c
020 |a 8877381965 
040 |b ita  |c importazione bologna sebina 
041 7 |a ita  |2 ISO-639-2 
082 |a 813.52  |9 NARRATIVA AMERICANA IN LINGUA INGLESE. 1900-1945  |2 19 
100 1 |a Parker, Dorothy  |0 IT\ICCU\CFIV\038131  |4 aut 
245 1 0 |a Uomini che non ho sposato /  |c Dorothy Parker ; a cura di Ileana Pittoni. 
260 |a Milano :  |b La tartaruga,  |c \1995! 
300 |a 154 p. ;  |c 21 cm. 
700 1 |a Pittoni, Ileana  |0 IT\ICCU\CFIV\112146  |4 edt 
830 0 |a Narrativa  |0 IT\ICCU\RAV\0028906 
942 |2 ddc  |c BK  |n 0 
952 |0 0  |1 0  |4 0  |6 DOC_813_520000000000000_PAR  |7 0  |9 16823  |a BO  |b BO  |d 2026-01-15  |i 14058  |l 0  |o DOC 813.52 PAR  |p BO14058  |r 2026-01-15 23:19:28  |w 2026-01-15  |x [Sebina 5] [1 v.]  |y BK  |z 1 v. 
999 |c 14378  |d 14378